000 00418nam a2200181Ia 4500
008 230512s9999 xx 000 0 und d
041 _aeng
082 _a394.2068
100 _aWAGEN L V /CARLOS B
245 _aEVENT MANAGEMENT
250 _a1
260 _bPEARSON EDUCATION PVT. LTD. DELHI110092
300 _a308
365 _b228
500 _aPaper Back
520 _aText Book
650 _aManagement
999 _c408468
_d408468